000 00560nam a22001937a 4500
999 _c169777
_d169777
005 20191204114559.0
010 _a86189-86190
020 _c2.25
_a-
035 _a86189-86190
037 _bBPPD/Pub.
_a-
082 _a270
100 _aسعيد ا حمد
245 _aفہم قر آ ن
_cسعيد ا حمد
246 _bFeham Quraan (Urdu)
_aby Sayeed Ahmed
260 _a Delhi
_bAteeque ur Rehman Usmani
_c1945 ء
270 _aKarol Bagh
_bDelhi
_e-
_k-
_l-
300 _a199 ص
_c22 Cm(Hb)
942 _2ddc
_cUR
_h270
_mس ع ی